000 00643nam a2200205Ii 4500
003 JO-AjNU
008 230606s9999||||xx |||||||||||||| ||und||
020 _a978-1-78133-502-4
040 _aJO-AjNU
_beng
_erda
_cJO-AjNU
041 _aeng
050 1 4 _aQA76.6.2020
100 3 _aWilson, Glenn ,
_eauthor
_96708
245 0 0 _aSevSecOps-A Leaders guide to producing secure software without compromising flow, feedback and continuous improvement
250 _a1ed
264 3 1 _aPritain: Rethink Press, 2020
300 _a270p
336 _atext
_btxt
_2rdacontent
337 _aunmediated
_bn
_2rdamedia
338 _avolume
_bnc
_2rdacarrier
999 _aE3484
_c3477
_d3477